| 000 | 00415nam a2200133Ia 4500 | ||
|---|---|---|---|
| 008 | 231129s9999||||xx |||||||||||||| ||spa|| | ||
| 020 | _a84-7232-365-X | ||
| 040 | _bspa | ||
| 082 | _aPe861.08 B443b | ||
| 100 | _aBelli Carlos German | ||
| 245 | 0 | _aBoda de la pluma y la letra | |
| 264 | _aEdiciones Cultura Hispanica-Instituto de Cooperacion Iberoamericana. | ||
| 942 |
_2ddc _cBKS |
||
| 999 |
_c6241 _d6241 |
||